Superestructura del puente sobre Quebrada Campamento

محفوظ في:
التفاصيل البيبلوغرافية
المؤلف الرئيسي: Camacho Benavides, Oscar
التنسيق: غير معروف
منشور في: [San José, Costa Rica] 1974
الموضوعات:
الوسوم: إضافة وسم
لا توجد وسوم, كن أول من يضع وسما على هذه التسجيلة!

MARC

LEADER 00000 a2200000 4500
003 011471
005 20221231143821.0
008 140114s1974 c m 000 0|s d
040 |c cru CEDI 
090 |a TFG 553 
100 |a Camacho Benavides, Oscar  |9 16692 
245 |a Superestructura del puente sobre Quebrada Campamento 
260 |c 1974  |a [San José, Costa Rica] 
300 |a  41 hojas : ilustraciones, gráficos, cuadros  
500 |a  Tesis (Ingenieria Civil) Universdiad de Costa Rica.  
650 |x CONSTRUCCION DE PUENTES  |9 16693 
942 |c TFG 
999 |c 12429  |d 12429